Main contract tendering (Record no. 102265)

MARC details
000 -LEADER
fixed length control field 01102cam a2200265 4500
001 - CONTROL NUMBER
control field J119195
008 - FIXED-LENGTH DATA ELEMENTS--GENERAL INFORMATION
fixed length control field 110311s2002 000 0 eng u
035 ## - SYSTEM CONTROL NUMBER
System control number (Sirsi) u119195
041 ## - LANGUAGE CODE
Language code of text/sound track or separate title eng
050 ## - LIBRARY OF CONGRESS CALL NUMBER
Classification number 692.8
110 ## - MAIN ENTRY--CORPORATE NAME
Corporate name or jurisdiction name as entry element Joint Contracts Tribunal
9 (RLIN) 3664
245 ## - TITLE STATEMENT
Title Main contract tendering
260 ## - PUBLICATION, DISTRIBUTION, ETC.
Place of publication, distribution, etc. London
Name of publisher, distributor, etc. RIBA
Date of publication, distribution, etc. 2002
300 ## - PHYSICAL DESCRIPTION
Extent 24p.
Dimensions 30cm.
350 ## - PRICE (NR) (BK AM CF MU VM SE) [OBSOLETE]
Price 11
490 ## - SERIES STATEMENT
Series statement JCT Practice Note
Volume/sequential designation 6 (Series 2)
520 ## - SUMMARY, ETC.
Summary, etc. Supersedes "Code of practice for single stage selective tendering" (J3579) and "Code of procedure for two stage selective tendering" (J3578).
520 ## - SUMMARY, ETC.
Summary, etc. This Practice Note has not been revised since 2002 and is out-of-print. Digital copies can be purchased from [email protected]
650 ## - SUBJECT ADDED ENTRY--TOPICAL TERM
Topical term or geographic name entry element BUILT ENVIRONMENT-BUILDING CONTRACT FORMS
650 ## - SUBJECT ADDED ENTRY--TOPICAL TERM
Topical term or geographic name entry element JCT STANDARD FORM OF BUILDING CONTRACT (1998 EDITION)
650 ## - SUBJECT ADDED ENTRY--TOPICAL TERM
Topical term or geographic name entry element PRACTICE NOTES
650 ## - SUBJECT ADDED ENTRY--TOPICAL TERM
Topical term or geographic name entry element BUILT ENVIRONMENT-BUILDING CONTRACT FORMS-STANDARD FORMS OF BUILDING CONTRACT-JOINT CONTRACTS TRIBNUAL CONTRACTS
690 ## - LOCAL SUBJECT ADDED ENTRY--TOPICAL TERM (OCLC, RLIN)
Topical term or geographic name as entry element BUILT ENVIRONMENT-BUILDING CONTRACT FORMS
942 ## - ADDED ENTRY ELEMENTS (KOHA)
Suppress in OPAC 0
Holdings
Withdrawn status Lost status Source of classification or shelving scheme Damaged status Not for loan Home library Current library Shelving location Date acquired Cost, normal purchase price Total Checkouts Full call number Barcode Date last seen Copy number Cost, replacement price Price effective from Koha item type Date last checked out
    Dewey Decimal Classification     London London Boxed set 19/11/2002 9.35   JCT 2002/6 30068011 06/08/2019 1 9.35 06/08/2019 Reference material  
  Missing       London London Missing 02/03/2005 11.00 39 JCT 2002/6 30069869 06/08/2019 3 11.00 06/08/2019 Book 20/01/2010